Vznik systematického myslenia o preklade v Rusku prieniky a úniky

Vznik systematického myslenia o preklade v Rusku, jeho prvopočiatky v prvej polovici dvadsiateho storočia. Prieniky a vplyvy ruskej a západnej translatológie najmä v päťdesiatych a šesťdesiatych rokoch minulého storočia.

Saved in:
Bibliographic Details
Main Author: Biloveský, Vladimír
Other Authors: Laš, Matej
Format: Book Chapter
Language:Slovak
Subjects:
Tags: Add Tag
No Tags, Be the first to tag this record!

MARC

LEADER 00000naa a2200000 4500
001 0246836
005 20180807102525.5
041 0 |a slo 
044 |a SK 
245 1 0 |a Vznik systematického myslenia o preklade v Rusku  |b prieniky a úniky  |c Vladimír Biloveský, Matej Laš 
520 |a Vznik systematického myslenia o preklade v Rusku, jeho prvopočiatky v prvej polovici dvadsiateho storočia. Prieniky a vplyvy ruskej a západnej translatológie najmä v päťdesiatych a šesťdesiatych rokoch minulého storočia. 
610 2 0 |a jazyky cudzie 
610 2 0 |a ruština 
610 2 0 |a jazykoveda 
100 1 |a Biloveský, Vladimír 
700 1 |a Laš, Matej